Discurso del licenciado Julio Ortega Frier, rector de la Universidad de Santo Domingo, pronunciado en el acto académico celebrado el 28 de octubre de 1938 con motivo del cuarto centenario de la erección de la Universidad. (Registro nro. 30926)
[ vista simple ]
| 000 -CABECERA | |
|---|---|
| campo de control de longitud fija | 00775nam a2200169 a 4500 |
| 001 - NÚMERO DE CONTROL | |
| campo de control | 000031434 |
| 005 - FECHA Y HORA DE LA ÚLTIMA TRANSACCIÓN | |
| campo de control | 20200930062928.0 |
| 008 - DATOS DE LONGITUD FIJA--INFORMACIÓN GENERAL | |
| campo de control de longitud fija | 110622s1938 dr 000 0 spa d |
| 040 ## - FUENTE DE LA CATALOGACIÓN | |
| Centro catalogador/agencia de origen | DO-SdBNP |
| Lengua de catalogación | spa |
| Centro/agencia transcriptor | BNPHU |
| 082 ## - NÚMERO DE LA CLASIFICACIÓN DECIMAL DEWEY | |
| Número de clasificación | xxxx |
| Número de documento/Ítem | F911d |
| 100 1# - ENTRADA PRINCIPAL--NOMBRE DE PERSONA | |
| Nombre de persona | Frier, Julio Ortega, |
| Fechas asociadas al nombre | 1988-1953 |
| 9 (RLIN) | 57840 |
| 245 10 - MENCIÓN DE TÍTULO | |
| Título | Discurso del licenciado Julio Ortega Frier, rector de la Universidad de Santo Domingo, pronunciado en el acto académico celebrado el 28 de octubre de 1938 con motivo del cuarto centenario de la erección de la Universidad. |
| 260 ## - PUBLICACIÓN, DISTRIBUCIÓN, ETC. | |
| Lugar de publicación, distribución, etc. | Ciudad Trujillo, República Dominicana : |
| Nombre del editor, distribuidor, etc. | Impreta Listín Diario, |
| Fecha de publicación, distribución, etc. | 1938. |
| 300 ## - DESCRIPCIÓN FÍSICA | |
| Extensión | 26 p. ; |
| Dimensiones | 23 cm. |
| 490 1# - MENCIÓN DE SERIE | |
| Mención de serie | Publicaciones de la Universidad de Santo Domingo |
| 830 #0 - PUNTO DE ACCESO ADICIONAL DE SERIE-TÍTULO UNIFORME | |
| Título uniforme | Publicaciones de la Universidad de Santo Domingo |
| 9 (RLIN) | 818 |
| Estado de retiro | Estado de pérdida | Restricciones de uso | No para préstamo | Código de colección | Localización permanente | Ubicación/localización actual | Ubicación en estantería | Fecha de adquisición | Número de inventario | Total de préstamos | Signatura topográfica completa | Código de barras | Fecha visto por última vez | Precio válido a partir de | Tipo de ítem Koha | Nota pública |
|---|---|---|---|---|---|---|---|---|---|---|---|---|---|---|---|---|
| Excluido de préstamo | Raros y valiosos | Patrimonio Dominicano | Patrimonio Dominicano | Depósito | 22.06.2011 | LF1 | xxxx F911d | 31434-10 | 25.06.2020 | 25.06.2020 | No se presta | Perteneció a la biblioteca personal de Julio Ortega Frier. | ||||
| Excluido de préstamo | Raros y valiosos | Patrimonio Dominicano | Patrimonio Dominicano | En catalogación | 01.07.2011 | LF1 | xxxx F911d | 31434-20 | 25.06.2020 | 25.06.2020 | No se presta |
